000 02259nam a22001937a 4500
001 8086
003 FISKH
005 20250825141621.0
008 250822b cb ||||| |||| 00| 0 eng d
040 _aFISKH
_bKhr
_cFISKH
_dFISKH
082 _a813
100 _aAnonymous
245 _aរឿងនិទានខ្លីបែបអបរំ /
_cវិចិត្រករ អាំ រស្មី
260 _aPnhom Penh :
_bBTC,
_c2008.
300 _a16 pages :
_bcolor illustrations ;
_c26 cm
520 _aរឿងអំរំខ្លីមានចំណងជើង : លេងពួន ខ្ញុំចង់បើកបរ ប្រដាប់ប្រដាររៀនរបស់រីណា​ សូភី និងសុខា ខ្ញុំចង់បើកបរ ខ្ញុំចង់ក្លាយជា អាវថ្មីរបស់ខុម ថ្ងៃរីករាយ ថ្ងៃបុណ្យអ៊ុំទូក សំឡេងនៅយប់មួយ គ្រាប់ពូជ ចែមចង់លេង សំណាងល្អនិងសំណាងអាក្រក់ ទៅលេងសមុទ្រ ផ្ទះអណ្ដែតទឹក តើគោនៅឯណា? យល់សប្តិអាក្រក់ កូនភ្នំ រូបភាពមួយ ពន្លឺព្រះច័ន្ទ រូបភាពមួយ អំពីស្ពៃ លេងពួន គ្រួសារខ្ញុំ ស្ពៃ ទៅលេងបុណ្យ ខុមឈឺ កំហុសខ្ញុំ កូនមាន់ខ្ញុំ ទៅរកត្រី សៀវភៅថ្មីរបស់សូភី ដើរលេង ក្ដារខៀន សូភីទៅផ្សារ ពន្លឺព្រះខ័ន្ទ លោកតា​ តារាទៅបណ្ណាល័យ ក្មេងរពឹស រឿងសម្ងាត់របស់សូភី ទៅវត្ត ប្អូនស្រីខ្ញុំ ម្ហូបឆ្ងាញ់ ខ្ញុំចង់បើកបរ ការធ្វើម្ហូប កូនមាន់ខ្ញុំ កូនឆ្មាអនាថា ទីងមោង
942 _2ddc
_cBK
_n0
999 _c8086
_d8086